QUEST Central Library Banner

Muhammad (SAW) in Ancient Scriptures (Record no. 10293)

MARC details
000 -LEADER
fixed length control field 00242nam a2200109 4500
082 ## - DEWEY DECIMAL CLASSIFICATION NUMBER
Classification number ALI
100 ## - MAIN ENTRY--AUTHOR NAME
Personal name ALi, U
245 ## - TITLE STATEMENT
Title Muhammad (SAW) in Ancient Scriptures
260 ## - PUBLICATION, DISTRIBUTION, ETC. (IMPRINT)
Place of publication Lahore:
Name of publisher Republications,
Year of publication 1988.
300 ## - PHYSICAL DESCRIPTION
Number of Pages 101p. ;
942 ## - ADDED ENTRY ELEMENTS (KOHA)
Koha item type Books
Holdings
Withdrawn status Lost status Collection code Home library Current library Date acquired Cost, normal purchase price Full call number Accession Number Koha item type
    Reference Reference Section Reference Section 23/09/2014 150.00 ALI (Shelf - 18C) 15368 Books

Copyright © 2018,The QUEST, Nawabshah, Shaheed Benazirabad. All rights reserved
Mr. G. Farooq Channar (Librarian) QUEST, Nawabshah, Sindh, Pakistan 67480.
 Ph#: |   0244-9370381-4 Ext. 2308   Email| lib@quest.edu.pk   Web|  http://www.quest.edu.pk